000 00446nam a22001697a 4500
003 NUST - PNEC
005 20170116181117.0
008 151004b xxu||||| |||| 00| 0 eng d
020 _a0133138917
040 _cLIBRARY
082 _a629.83 PHI
100 _913270
_aPhillips, Charles L.
245 _aFeedback control systems
_cCharles L.Phillips
260 _cc 1988
650 _913272
_aFeedback control systems
_xME/EE
942 _2ddc
_cBK
999 _c69383
_d69383